01343nam a2200397 i 450000100060000000300090000600500170001500800390003201500180007102000150008904000280010404600090013208000120014108000100015308000120016310000390017524501210021425000210033526000700035630000410042633600270046733700540049433800280054838000160057638800140059238800140060649000280062050400260064865000140067465000310068865500300071965800300074971000340077983000340081385600980084745198KOSZ 00520250722063911.0980710s1998 pl a f f |000 0 pol aPB 1998/10161 a8301120177 aWA NcWA NdKOSZ 005/HR k1998 a339.138 a005.2 a(075.8)1 aNiestrój, Romand(1944- )eAutor10aZarządzanie marketingiem :baspekty strategiczne /cRoman Niestrój ; Fundacja Edukacyjna Przedsiębiorczości. a[Wyd. 2, dodr.]. aWarszawa ;aKraków :bWydawnictwo Naukowe PWN. Oddział,c1998. a219, [4] s. :brys., wykr. ;c21 cm. 2rdacontentaTekstbtxt 2rdamediaaBez urządzenia pośredniczącegobn 2rdacarrieraWoluminbnc aKsiążki a1901-2000 a1989-20001 aPrzedsiębiorczość aBibliogr. s. 213-215. 4aMarketing 4aZarządzanie strategiczne 4aPodręczniki akademickie aZarządzanie i marketing2 aWydawnictwo Naukowe PWN4pbl. 0aPrzedsiębiorczość (PWN) uhttp://koha.tu.koszalin.pl/cgi-bin/koha/opac-detail.pl?biblionumber=45198yKatalog online BPK